The affairs of Anatol /

A New York socialite becomes bored with his newlywed bride and attempts to broaden his romantic horizons by rescuing a series of damsels in distress.

Bibliographic Details
Corporate Authors: Paramount Pictures Corporation (1914-1927), Kino International Corporation
Other Authors: DeMille, Cecil B. (Cecil Blount), 1881-1959, MacPherson, Jeanie, -1946, Swanson, Gloria, 1897-1983, Reid, Wallace, 1891-1923, Daniels, Bebe, 1901-1971, Blue, Monte, 1887-1963, Schnitzler, Arthur, 1862-1931
Format: Video VHS
Language:English
Published: New York, N.Y. : Kino International, [2000]
Subjects:

MARC

Tag First Indicator Second Indicator Subfields
LEADER 00000cgm a2200000Ia 4500
001 in00001672016
005 20181006063105.0
007 vf zbahou
008 000809p20001921nyu117 vleng d
035 |a (OCoLC)ocm44752810 
040 |a IMD  |c IMD  |d TXA  |d UtOrBLW 
043 |a n-us-ny 
049 |a TXAM 
090 |a PN1995.75  |b .A44 2000 
245 0 4 |a The affairs of Anatol /  |c a Paramount Picture ; produced and directed by Cecil B. DeMille ; screenplay by Jeanie Macpherson. 
264 1 |a New York, N.Y. :  |b Kino International,  |c [2000] 
300 |a 1 videocassette (117 min.) :  |b silent, color tinted ;  |c 1/2 in. 
336 |a two-dimensional moving image  |b tdi  |2 rdacontent 
337 |a video  |b v  |2 rdamedia 
338 |a videocassette  |b vf  |2 rdacarrier 
538 |a VHS. 
511 1 |a Gloria Swanson, Wallace Reid, Bebe Daniels, Monte Blue. 
508 |a Photographed by Alvin Wyckoff and Karl Struss ; music compiled and performed by Brian Benison. 
500 |a Videocassette release of the 1921 motion picture. 
500 |a Based on a story by Arthur Schnitzler. 
500 |a Digitally mastered with original color tinting. 
520 |a A New York socialite becomes bored with his newlywed bride and attempts to broaden his romantic horizons by rescuing a series of damsels in distress. 
500 |a Videorecording. 
655 7 |a Silent films.  |2 lcgft 
650 0 |a Socialites  |z New York  |v Drama. 
650 0 |a Adultery  |v Drama. 
650 0 |a Degeneration  |v Drama. 
650 0 |a Man-woman relationships  |v Drama. 
650 0 |a Marriage  |v Drama. 
655 0 |a Motion pictures, American. 
655 7 |a Feature films.  |2 lcgft 
700 1 |a DeMille, Cecil B.  |q (Cecil Blount),  |d 1881-1959. 
700 1 |a MacPherson, Jeanie,  |d -1946. 
700 1 |a Swanson, Gloria,  |d 1897-1983. 
700 1 |a Reid, Wallace,  |d 1891-1923. 
700 1 |a Daniels, Bebe,  |d 1901-1971. 
700 1 |a Blue, Monte,  |d 1887-1963. 
700 1 |a Schnitzler, Arthur,  |d 1862-1931.  |t Anatol. 
710 2 |a Paramount Pictures Corporation (1914-1927) 
710 2 |a Kino International Corporation. 
948 |a cataloged  |b h  |c 2002/5/9  |d c  |e mphillip  |f 2:20:10 pm 
994 |a E0  |b TXA 
999 |a MARS 
999 f f |s 854e55d5-cd60-3e46-9bdb-1144fabed74a  |i 7e66e0c4-e1a2-3656-9b90-7f6147141c58  |t 0 
952 f f |p ric  |a Texas A&M University  |b Rellis Campus  |c Joint Library Facility  |d Remote Storage  |t 0  |e PN1995.75 .A44 2000  |h Library of Congress classification  |i video -- videocassette  |m A14828820243 
998 f f |a PN1995.75 .A44 2000  |t 0  |l Remote Storage